Statistiques concernant Films avec Alain Delon par image

Cliquez ici pour prendre le quiz!

Statistiques générales

  • Ce quiz a été pris 67 fois
  • Le résultat moyen est 7 sur 16

Statistiques - réponses

Réponse% Correct
Le Guépard
92%
Borsalino
75%
Plein Soleil
75%
Monsieur Klein
73%
Rocco et ses frères
65%
Le Cercle Rouge
63%
Le Samouraï
62%
Deux hommes dans la ville
33%
Le Professeur
27%
L'Éclipse
23%
Les Seins de glace
21%
L'Assassinat de Trotsky
13%
Notre histoire
13%
L'Insoumis
12%
Le Jour et la Nuit
4%
Nouvelle vague
2%

Distribution des résultats

Percentile par nombre de réponses

% des personnes avec chaque résultat

Votre développement - résultats

Vous n’avez pas pris ce quiz